| 000 | 00479nam a2200157 i 4500 | ||
|---|---|---|---|
| 001 | 33011 | ||
| 003 | ES-MaACL | ||
| 005 | 20230906154659.0 | ||
| 007 | t| | ||
| 008 | 030201s1927 fr ||||1| spa d | ||
| 100 | 1 |
_aBenzo Cano, Eduardo. _927812 |
|
| 245 | 1 | 3 |
_aEl complot de la noche de San Juan / _cinforme de Eduardo Benzo Cano en defensa del procesado Segundo García. |
| 260 |
_aParis : _bCalmann-Lévy, _c1927. |
||
| 300 |
_a24 p. ; _c16 cm. |
||
| 852 |
_aES-MaACL _j1736-F-3 |
||
| 999 |
_c33011 _d33011 |
||